000 00692nam a2200217 i 4500
001 22678
003 ES-MaACL
005 20230906152735.0
007 t|
008 021204m19491950sp ||||1| spa d
100 1 _aAltimir Bolva, José.
_920541
245 1 3 _aLa sal en el mundo /
_cJosé Altimir Bolva.
260 _a[Madrid :
_bs.n.,
_c1949-1950] (
_fEstades)
300 _a2 v. ;
_c28 cm.
490 1 _aEdiciones al servicio de la Industria Salinera
505 8 _aContiene: 1. Europa (510 p.) -- 2. África y Asia (716 p.)
650 4 _aSal.
_9136846
830 0 _aEdiciones al servicio de la Industria Salinera
_9229005
852 _aES-MaACL
_jP-846-bis
999 _c22678
_d22678